Encancaranublado y otros cuentos de naufragio / (Record no. 7731)
[ view plain ]
| 000 -CABECERA | |
|---|---|
| campo de control de longitud fija | 00908cam a2200229 a 4500 |
| 001 - NÚMERO DE CONTROL | |
| campo de control | 000007953 |
| 005 - FECHA Y HORA DE LA ÚLTIMA TRANSACCIÓN | |
| campo de control | 20200929154350.0 |
| 008 - DATOS DE LONGITUD FIJA--INFORMACIÓN GENERAL | |
| campo de control de longitud fija | 830727s1990 pr 000 j spa |
| 040 ## - FUENTE DE LA CATALOGACIÓN | |
| Centro catalogador/agencia de origen | DO-SdBNP |
| Lengua de catalogación | spa |
| Centro/agencia transcriptor | BNPHU |
| 082 ## - NÚMERO DE LA CLASIFICACIÓN DECIMAL DEWEY | |
| Número de clasificación | PR863.44 |
| Número de documento/Ítem | V422e, 1990 |
| 100 1# - ENTRADA PRINCIPAL--NOMBRE DE PERSONA | |
| Nombre de persona | Vega, Ana Lydia, |
| Fechas asociadas al nombre | 1946- |
| 9 (RLIN) | 15671 |
| 245 10 - MENCIÓN DE TÍTULO | |
| Título | Encancaranublado y otros cuentos de naufragio / |
| Mención de responsabilidad, etc. | Ana Lydia Vega ; edición de Francisco M. Vázquez. |
| 250 ## - MENCIÓN DE EDICIÓN | |
| Mención de edición | 4a ed. |
| 260 ## - PUBLICACIÓN, DISTRIBUCIÓN, ETC. | |
| Lugar de publicación, distribución, etc. | Río Piedras, Puerto Rico : |
| Nombre del editor, distribuidor, etc. | Antillana, |
| Fecha de publicación, distribución, etc. | 1990. |
| 300 ## - DESCRIPCIÓN FÍSICA | |
| Extensión | 141 p. ; |
| Dimensiones | 18 cm. |
| 490 1# - MENCIÓN DE SERIE | |
| Mención de serie | Cuadernos de Jacinto Colón : colección de joven narrativa puertorriqueña |
| 590 ## - NOTA LOCAL (RLIN) | |
| Nota local | Autografiado y dedicado por la autora. |
| 650 #4 - PUNTO DE ACCESO ADICIONAL DE MATERIA--TÉRMINO DE MATERIA | |
| Término de materia o nombre geográfico como elemento de entrada | Cuentos puertorriqueños |
| 9 (RLIN) | 249 |
| 650 #4 - PUNTO DE ACCESO ADICIONAL DE MATERIA--TÉRMINO DE MATERIA | |
| Término de materia o nombre geográfico como elemento de entrada | Literatura puertorriqueña |
| 9 (RLIN) | 250 |
| 700 1# - PUNTO DE ACCESO ADICIONAL--NOMBRE DE PERSONA | |
| Nombre de persona | Vázquez, Francisco M., |
| Término indicativo de función/relación | ed. |
| 9 (RLIN) | 21762 |
| 830 #0 - PUNTO DE ACCESO ADICIONAL DE SERIE-TÍTULO UNIFORME | |
| Título uniforme | Cuadernos de Jacinto Colón : colección de joven narrativa puertorriqueña. |
| 9 (RLIN) | 21763 |
| Estado de retiro | Estado de pérdida | Restricciones de uso | No para préstamo | Código de colección | Localización permanente | Ubicación/localización actual | Ubicación en estantería | Fecha de adquisición | Número de inventario | Total de préstamos | Signatura topográfica completa | Código de barras | Fecha visto por última vez | Precio válido a partir de | Tipo de ítem Koha |
|---|---|---|---|---|---|---|---|---|---|---|---|---|---|---|---|
| Préstamo interno | Monografías: Libros y Folletos | General | General | En catalogación | 11.09.2009 | LF1 | PR863.44 V422e, 1990 | 7953-10 | 25.06.2020 | 25.06.2020 | Préstamo interno |
